| 000 -LEADER |
| fixed length control field |
00479cam a22001457a 4500 |
| 008 - FIXED-LENGTH DATA ELEMENTS--GENERAL INFORMATION |
| fixed length control field |
180718b2006 xxu||||| |||| 00| 0 eng d |
| 082 ## - DEWEY DECIMAL CLASSIFICATION NUMBER |
| Classification number |
Q31 S78 |
| 100 ## - MAIN ENTRY--PERSONAL NAME |
| Personal name |
Suri, B.K. |
| 245 ## - TITLE STATEMENT |
| Title |
Poverty: an annotated bibliography of books |
| Statement of responsibility, etc. |
by B.K. Suri, Sunita Gulati and H.C. Yadav |
| 260 ## - PUBLICATION, DISTRIBUTION, ETC. |
| Place of publication, distribution, etc. |
New Delhi |
| Name of publisher, distributor, etc. |
Indian Institute of Public Administration and Chronic Poverty Research Centre |
| Date of publication, distribution, etc. |
2006 |
| 300 ## - PHYSICAL DESCRIPTION |
| Extent |
99p. |
| 650 ## - SUBJECT ADDED ENTRY--TOPICAL TERM |
| Topical term or geographic name entry element |
Poverty |
| 700 ## - ADDED ENTRY--PERSONAL NAME |
| Personal name |
Yadav, H.C. |
| 700 ## - ADDED ENTRY--PERSONAL NAME |
| Personal name |
Gulati, Sunita |